19 Mars 2025 | Psychologie - Statistiques

Statistiques générales
  • Ce quiz a été pris 271 fois
  • Le résultat moyen est 2 sur 15
Statistiques - réponses
Question Réponse % Correct
Quel célèbre psychologue a développé la théorie de la psychanalyse ? Sigmund Freud
100%
Quel type de thérapie se concentre sur le comportement observable ? Thérapie Comportementale
22%
Quel mécanisme défensif consiste à attribuer des sentiments à autrui ? Projection
15%
Quel phénomène désigne une forte attirance pour une personne après une situation stressante ? L'effet de Stockholm
13%
Quel type de mémoire est lié aux souvenirs personnels ? Mémoire épisodique
11%
Qui est le fondateur de la psychologie humaniste ? Carl Rogers
10%
Quel est le nom de l'état mental associé à des pensées négatives intrusives ? Dépression
10%
Quel concept Freudien indique le refoulement des désirs inacceptables ? Surmoi
9%
Quel test est utilisé pour explorer l'inconscient ? Test de Rorschach
6%
Quel terme désigne une capacité d'adaptation positive dans des situations stressantes ? Résilience
5%
Quelle méthode psychologique utilise l'observation pour obtenir des données ? Méthode qualitative
4%
Quel est le terme pour un saut d'une étape de développement émotionnel ? Régression
1%
Quel phénomène décrit le fait de réfléchir par groupe sans critique constructive ? Pensée de Groupe
0%
Quel est le terme désignant un sentiment d'anxiété dans une situation sociale ? Social phobia
0%
Quel test est utilisé pour mesurer les traits de personnalité ? Test de Personalité
0%
Aucun quiz correspondant
Distribution des résultats
% des personnes avec chaque résultat
Percentile par nombre de réponses
Votre historique - résultats
Vous n’avez pas pris ce quiz